00490nam a2200193Ia 4500008004100000020001800041041001200059082001000071082001100081100002500092100001100117245002000128260001100148260002800159260000900187300006200196365002500258650001300283150909s9999 xx 000 0 und d a9788184872651 aEnglish a575.1 bGUR/GE aGurbachan s Miglani  eAuthor aGene regulation aBombay bNarosa publishing house c2013 aS-16 Pages aRs 1295/-  aGenetics